Tour de France 2019-Classement général - Statistiques

Statistiques générales
  • Ce quiz a été pris 184 fois
  • Le résultat moyen est 12 sur 15
Statistiques - réponses
Rang Nationalité Équipe Nom Écart % Correct
1 Colombie Ineos Bernal 82h 57min
99%
2 Royaume-Uni Ineos Thomas + 1min 11s
99%
5 France Quick-Step Alaphilippe + 4min 05s
97%
10 France Arkéa Samsic Barguil + 7min 32s
92%
7 Colombie EF Uran + 5min 15s
92%
8 Colombie Movistar Quintana + 5min 30s
91%
15 France AG2R Bardet + 30min 23s
87%
13 France FDJ Gaudu + 23min 58s
87%
9 Espagne Movistar Valverde + 6min 12s
85%
4 Allemagne Bora-Hansgroe Buchmann + 1min 56s
74%
6 Espagne Movistar Landa + 4min 23s
72%
12 France Wanty-Gobert Martin + 22min 08s
68%
3 Pays-Bas Jumbo-Visma Kruijswijk + 1min 31s
66%
11 Australie Trek-Segafredo Porte + 12min 42s
65%
14 Italie UAE Aru + 27min 36s
54%
Aucun quiz correspondant
Distribution des résultats
% des personnes avec chaque résultat
Percentile par nombre de réponses
Votre historique - résultats
Vous n’avez pas pris ce quiz